LEADER 01012nam0 22002771i 450 001 UON00309921 005 20231205104050.509 100 $a20080403d1976 |0itac50 ba 101 $aita 102 $aIT 105 $a|||| 1|||| 200 1 $aˆL'‰Italia di Ezra Pound$fNiccolò Zapponi 210 $aRoma$cBulzoni$dc1976 215 $a226 p.$d21 cm. 410 1$1001UON00066311$12001 $aStudi e Ricerche$1210 $aRoma$cBulzoni$v3 606 $aPOUND EZRA$3UONC040362$2FI 620 $aIT$dRoma$3UONL000004 676 $a928$cScrittori e critici letterari$v21 700 1$aZAPPONI$bNiccolò$3UONV177488$0414255 712 $aBulzoni$3UONV265597$4650 801 $aIT$bSOL$c20240220$gRICA 899 $aSIBA - SISTEMA BIBLIOTECARIO DI ATENEO$2UONSI 912 $aUON00309921 950 $aSIBA - SISTEMA BIBLIOTECARIO DI ATENEO$dSI ITA VI 0493 $eSI LO 1206 5 0493 996 $aItalia di Ezra Pound$9179580 997 $aUNIOR